| 000 | 01719nam a2200445 a 4500 | ||
|---|---|---|---|
| 001 | ebr10348924 | ||
| 003 | CaPaEBR | ||
| 006 | m u | ||
| 007 | cr cn||||||||| | ||
| 008 | 080326s2008 bcc sb 001 0 eng | ||
| 010 | _z 2008371149 | ||
| 016 | _z20079044263 | ||
| 020 | _z9780774814355 | ||
| 020 | _z0774814357 | ||
| 020 | _z9780774814362 (pbk. : alk. paper) | ||
| 040 |
_aCaPaEBR _cCaPaEBR |
||
| 035 | _a(OCoLC)646864124 | ||
| 043 |
_an-cn--- _an-us--- |
||
| 050 | 1 | 4 |
_aK120 _b.M33 2008eb |
| 082 | 0 | 4 |
_a347.71/09 _222 |
| 100 | 1 | _aMacfarlane, Julie. | |
| 245 | 1 | 4 |
_aThe new lawyer _h[electronic resource] : _bhow settlement is transforming the practice of law / _cJulie Macfarlane. |
| 260 |
_aVancouver : _bUBC Press, _cc2008. |
||
| 300 | _axvi, 280 p. | ||
| 490 | 1 |
_aLaw and society series, _x1496-4953 |
|
| 504 | _aIncludes bibliographical references (p. [246]-276) and index. | ||
| 533 |
_aElectronic reproduction. _bPalo Alto, Calif. : _cebrary, _d2013. _nAvailable via World Wide Web. _nAccess may be limited to ebrary affiliated libraries. |
||
| 650 | 0 |
_aPractice of law _zCanada. |
|
| 650 | 0 |
_aDispute resolution (Law) _zCanada. |
|
| 650 | 0 |
_aCompromise (Law) _zCanada. |
|
| 650 | 0 |
_aAttorney and client _zCanada. |
|
| 650 | 0 |
_aPractice of law _zUnited States. |
|
| 650 | 0 |
_aDispute resolution (Law) _zUnited States. |
|
| 650 | 0 |
_aCompromise (Law) _zUnited States. |
|
| 650 | 0 |
_aAttorney and client _zUnited States. |
|
| 655 | 7 |
_aElectronic books. _2local |
|
| 710 | 2 | _aebrary, Inc. | |
| 830 | 0 | _aLaw and society series (Vancouver, B.C.) | |
| 856 | 4 | 0 |
_uhttp://site.ebrary.com/lib/rucke/Doc?id=10348924 _zAn electronic book accessible through the World Wide Web; click to view |
| 999 |
_c42196 _d42196 |
||